Contribution to the Ethnopharmacology of the lowland quichua people of Amazonia Ecuador (Registro nro. 14197)

Detalles MARC
000 -CABECERA
Campo de control 004790000a22001330004500
090 ## - CLASIFICACIÓN LOCAL
Colección AS
Consecutivo Seriadas
041 0# - IDIOMA
Código de idioma para texto/pista de sonido o título separado
100 1# - ASIENTO PRINCIPAL--NOMBRE PERSONAL
Nombre personal Marles, Robin J.
245 10 - MENCION DE TITULO
Título Contribution to the Ethnopharmacology of the lowland quichua people of Amazonia Ecuador
700 1# - ASIENTO SECUNDARIO - NOMBRE PERSONAL
Nombre personal Neill, David A.
700 1# - ASIENTO SECUNDARIO - NOMBRE PERSONAL
Nombre personal Farnsworth, Norman R.
773 1# - Item fuente:
Título Revista de la Academia Colombiana de Ciencias Exactas, Fisicas y Naturales
Especificación de materiales 32
Descripción física 63
Paginas del Articulo 111-120
Lugar, editorial y fecha de publicación 1988
Información sobre la relación 16
942 ## - ELEMENTOS ADICIONALES (KOHA)
Tipo de ítem Artículo

No hay ítems disponibles.